Georgette Heyer Cousin Kate (Record no. 350585)

000 -LEADER
fixed length control field 00442nam a22001817a 4500
003 - CONTROL NUMBER IDENTIFIER
control field OSt
005 - DATE AND TIME OF LATEST TRANSACTION
control field 20180116183021.0
008 - FIXED-LENGTH DATA ELEMENTS--GENERAL INFORMATION
fixed length control field 151119b xxu||||| |||| 00| 0 eng d
020 ## - INTERNATIONAL STANDARD BOOK NUMBER
International Standard Book Number 0
040 ## - CATALOGING SOURCE
Transcribing agency 0
082 ## - DEWEY DECIMAL CLASSIFICATION NUMBER
Classification number 813.54 KAT 1973
100 ## - MAIN ENTRY--PERSONAL NAME
Personal name Cousin Kate
245 ## - TITLE STATEMENT
Title Georgette Heyer Cousin Kate
Statement of responsibility, etc. Cousin Kate
260 ## - PUBLICATION, DISTRIBUTION, ETC.
Place of publication, distribution, etc. England
Name of publisher, distributor, etc. Batman
Date of publication, distribution, etc. 1973
300 ## - PHYSICAL DESCRIPTION
Extent 313 p.
Other physical details PB
440 ## - SERIES STATEMENT/ADDED ENTRY--TITLE
Title Georgette Heyer Cousin Kate
942 ## - ADDED ENTRY ELEMENTS (KOHA)
Source of classification or shelving scheme
Koha item type Book
Holdings
Withdrawn status Lost status Source of classification or shelving scheme Damaged status Not for loan Collection code Permanent Location Current Location Shelving location Date acquired Total Checkouts Full call number Barcode Date last seen Price effective from Koha item type
      Damaged     Central Library (CL) Central Library (CL) General Stacks 11/19/2015   813.54 KAT 1973 NBSD-2167 11/19/2015 11/19/2015 Book
© 2023 Central Library, National University of Sciences and Technology. All Rights Reserved.